Axiomatic design : advances and applications
Αποθηκεύτηκε σε:
| Κύριος συγγραφέας: | |
|---|---|
| Μορφή: | Βιβλίο |
| Γλώσσα: | English |
| Δημοσίευση: |
New York :
Oxford University Press,
c2001
|
| Σειρά: | MIT-Pappalardo series in mechanical engineering
|
| Θέματα: | |
| Ετικέτες: |
Προσθήκη ετικέτας
Δεν υπάρχουν, Καταχωρήστε ετικέτα πρώτοι!
|
MARC
| LEADER | 00000nam a2200000 i 4500 | ||
|---|---|---|---|
| 001 | 1/71835 | ||
| 008 | 050218s2001 eng d | ||
| 020 | |a 0-19-513466-4 (alk. paper) | ||
| 035 | |l 10076647 | ||
| 040 | |a GR-MY-UA |b gre |e aacr | ||
| 041 | 0 | |a eng | |
| 082 | 0 | |a 620.0042 |2 (21) | |
| 100 | 1 | |a Suh, Nam P. |d 1936- | |
| 245 | 1 | 0 | |a Axiomatic design : |b advances and applications / |c Nam Pyo Suh |
| 260 | |a New York : |b Oxford University Press, |c c2001 | ||
| 300 | |a xxiii, 503 σ.; |b εικ.; |c 25 εκ. | ||
| 490 | 1 | |a The MIT-Pappalardo series in mechanical engineering | |
| 504 | |a Περιλαμβάνει βιβλιογραφίες και ευρετήριο | ||
| 650 | 0 | 0 | |a Industrial design |x Methodology. |
| 650 | 0 | 0 | |a Axiomatic set theory. |
| 830 | 0 | |a MIT-Pappalardo series in mechanical engineering | |
| 852 | |a INST |b SYROS |e 20050218 |h 620.0042 SUH |p 005500005481 |q 005500005481 |t BK |y 0 | ||
| 901 | |a BIBL5-2005-1 | ||
| 909 | |a Ε |b 116872 | ||
| 920 | |a ΔΙΕΥΡΥΝΣΗ |b ΕΠΕΑΕΚ-ΤΜΣΠΣ |y ΣΥΡΟΣ |z 2004-10 | ||
| 970 | |a ΚΟΝΤΟΥ |b ΠΑΡΑΣΚΕΥΗ |z 2005/02/18 | ||